Exchange rate management in India: an empirical evaluation (Record no. 39876)

000 -LEADER
fixed length control field 01322pab a2200181 454500
008 - FIXED-LENGTH DATA ELEMENTS--GENERAL INFORMATION
fixed length control field 180718b1998 xxu||||| |||| 00| 0 eng d
100 ## - MAIN ENTRY--PERSONAL NAME
Personal name Patra, Michael Debabrata
245 ## - TITLE STATEMENT
Title Exchange rate management in India: an empirical evaluation
260 ## - PUBLICATION, DISTRIBUTION, ETC.
Date of publication, distribution, etc. 1998
300 ## - PHYSICAL DESCRIPTION
Extent p.185-214
362 ## - DATES OF PUBLICATION AND/OR SEQUENTIAL DESIGNATION
Dates of publication and/or sequential designation Sep
520 ## - SUMMARY, ETC.
Summary, etc. Drawing from a strand in the literature, this paper develops objective indicators i.e., indices of exchange market pressure, intervention activity and monetary conditions in order to assess the efficacy, in terms of both timing and magnitude, of policy measures in assuaging exchange market pressures. The theoretical underpinning for the indices are drawn from a simple monetary model of exchange rate determination. This indices are found to perform well in tracking exchange market activity and policy action has been successful in relieving exchange market pressure. Simplicity in the computation of these indices and their superiority in terms of quick availability, in encompassing overall developments in the balance of payments and in reflecting market activity recommends their use for operational purposes. - Reproduced
650 ## - SUBJECT ADDED ENTRY--TOPICAL TERM
Topical term or geographic name entry element Exchange rates - India
650 ## - SUBJECT ADDED ENTRY--TOPICAL TERM
Topical term or geographic name entry element Exchange rates
700 ## - ADDED ENTRY--PERSONAL NAME
Personal name Pattanaik, Sitikantha
773 ## - HOST ITEM ENTRY
Main entry heading Reserve Bank of India Occasional Papers
909 ## -
-- 39876
Holdings
Withdrawn status Lost status Damaged status Not for loan Permanent Location Current Location Date acquired Serial Enumeration / chronology Barcode Date last seen Price effective from Koha item type
        Indian Institute of Public Administration Indian Institute of Public Administration 2018-07-19 Volume no: 19, Issue no: 3 AR40247 2018-07-19 2018-07-19 Articles

Powered by Koha